<?xml version="1.0" encoding="UTF-8"?>
<record
    xmlns:xsi="http://www.w3.org/2001/XMLSchema-instance"
    xsi:schemaLocation="http://www.loc.gov/MARC21/slim http://www.loc.gov/standards/marcxml/schema/MARC21slim.xsd"
    xmlns="http://www.loc.gov/MARC21/slim">

  <leader>01554nam a2200181 a 4500</leader>
  <controlfield tag="001">000036750</controlfield>
  <controlfield tag="003">DO-SdBNP</controlfield>
  <controlfield tag="005">20250626104945.0</controlfield>
  <controlfield tag="008">120127s1999    dr d          000 0 spa d</controlfield>
  <datafield tag="040" ind1=" " ind2=" ">
    <subfield code="a">DO-SdBNP</subfield>
    <subfield code="b">spa</subfield>
    <subfield code="c">BNPHU</subfield>
  </datafield>
  <datafield tag="110" ind1="2" ind2=" ">
    <subfield code="a">Banco Central de la Rep&#xFA;blica Dominicana</subfield>
    <subfield code="9">83405</subfield>
  </datafield>
  <datafield tag="245" ind1="1" ind2="0">
    <subfield code="a">Informe de la econom&#xED;a dominicana : enero-marzo 1999.</subfield>
  </datafield>
  <datafield tag="260" ind1=" " ind2=" ">
    <subfield code="a">Santo Domingo :</subfield>
    <subfield code="b">Banco Central,</subfield>
    <subfield code="c">1999.</subfield>
  </datafield>
  <datafield tag="300" ind1=" " ind2=" ">
    <subfield code="a">89 p. :</subfield>
    <subfield code="b">il., gr&#xE1;fs. ;</subfield>
    <subfield code="c">32 cm.</subfield>
  </datafield>
  <datafield tag="490" ind1="0" ind2=" ">
    <subfield code="a">Publicaciones del Banco Central de la Republica Dominicana</subfield>
  </datafield>
  <datafield tag="505" ind1="0" ind2=" ">
    <subfield code="a">Presentaci&#xF3;n -- Producto interno bruto-- Agropecuaria -- Miner&#xED;a -- Manufactura-- Construcci&#xF3;n -- Electricidad y agua-- Comunicaciones -- Hoteles, bares y restaurantes -- Gobierno -- Finanzas -- Comercio -- Otras actividades -- Oferta y demanda -- Precios internos -- Sector Externo -- Resultado de la balanza de pagos -- Deuda p&#xFA;blica externa -- Mercado de cambio --Entorno econ&#xF3;mico internacional -- Comportamiento financiero el Gobierno Central -- Pol&#xED;tica monetaria y crediticia -- Oferta monetaria -- Canalizaci&#xF3;n de recursos a la econom&#xED;a -- Tasas de inter&#xE9;s de los bancos comerciales -- Sector financiero -- Estructura institucional -- Comportamiento operacional del sector financiero -- Comportamientos operacional del sector financiero -- Comportamiento operacional de los bancos comerciales y de servicios m&#xFA;ltiples -- Mercado de valores -- Resultado administrativo y operacionales -- del Banco Central -- Consideraciones finales -- Cuadros anexos -- Apencice.</subfield>
  </datafield>
  <datafield tag="942" ind1=" " ind2=" ">
    <subfield code="2">ddc</subfield>
    <subfield code="c">LBS1</subfield>
  </datafield>
  <datafield tag="952" ind1=" " ind2=" ">
    <subfield code="0">0</subfield>
    <subfield code="1">0</subfield>
    <subfield code="7">-1</subfield>
    <subfield code="8">PD</subfield>
    <subfield code="a">PD</subfield>
    <subfield code="b">PD</subfield>
    <subfield code="c">OI</subfield>
    <subfield code="d">2012-01-27</subfield>
    <subfield code="i">LF1</subfield>
    <subfield code="l">0</subfield>
    <subfield code="o"> </subfield>
    <subfield code="p">36750-10</subfield>
    <subfield code="r">2020-06-25</subfield>
    <subfield code="w">2020-06-25</subfield>
    <subfield code="y">LFPD</subfield>
    <subfield code="Z">No se presta</subfield>
  </datafield>
  <datafield tag="999" ind1=" " ind2=" ">
    <subfield code="c">36241</subfield>
    <subfield code="d">36241</subfield>
  </datafield>
</record>
